书目信息 |
| 题名: |
高等代数学习指导
|
|
| 作者: | 杨端 , 杨建明 编 | |
| 分册: | ||
| 出版信息: | 达县教育学院 |
|
| 页数: | 262页 | |
| 开本: | 20cm | |
| 丛书名: | ||
| 单 册: | ||
| 中图分类: | O15-42 | |
| 科图分类: | ||
| 主题词: | 代数 , 数论 , 组合数学 | |
| 电子资源: | ||
| ISBN: | ||
| 000 | 00588nam0 2200205 450 | |
| 001 | 0758432680 | |
| 005 | 20071003161445.50 | |
| 100 | @a20071003d km y0chiy0120 ea | |
| 101 | 0 | @achi |
| 200 | 1 | @a高等代数学习指导@Agao deng dai shu xue xi zhi dao@f杨端,杨建明编@Fyang duan,yang jian ming bian |
| 210 | @c达县教育学院 | |
| 215 | @a262页@d20cm | |
| 606 | 0 | @a代数 |
| 606 | 0 | @a数论 |
| 606 | 0 | @a组合数学 |
| 690 | @aO15-42@v4 | |
| 701 | 0 | @a杨端@Ayang duan@4编 |
| 701 | 0 | @a杨建明@Ayang jian ming@4编 |
| 801 | 0 | @aCN@b大连网信软件有限公司图书馆·11@c20071003 |
| 905 | @aZUCC@dO15-42@e289 | |
| 高等代数学习指导/杨端,杨建明编.-达县教育学院 |
| 262页;20cm |
| ISBN : |
| ● |
| 相关链接 |
|
|
|
|
正题名:高等代数学习指导
索取号:O15-42/289
 
预约/预借
| 序号 | 登录号 | 条形码 | 馆藏地/架位号 | 状态 | 备注 |
| 1 | 0626306 | 206263069 | 第二样本阅览室/ [索取号:O15-42/289] | 在馆 |